000 00479nam a2200169Ia 4500
999 _c22457
_d22457
003 OSt
005 20200214104840.0
008 190216s9999||||xx |||||||||||||| ||und||
040 _coclc
082 _a297
_bHOF/T
100 _aHofmann, Murad
_91977
245 0 _aTheerthatakante Kanavukal /
_cMurad Hofmann
250 _a1st ed.
260 _bIslamic Publishing House,
_c2000.
_aKozhikode:
300 _a156p
942 _cBK
_2ddc
_h297
_iHOF/T
_k297
_mHOF/T